Quizzes
Events
Quiz Creation
Community
Videos
Private Events
Remove Ads
Sign In
Join for FREE
Feedback
Dark Mode
Quiz Categories
Sports
Geography
Music
Movies
Television
Just For Fun
Miscellaneous
History
Literature
Language
Science
Gaming
Entertainment
Religion
Holiday
For Kids
Quiz Lab
Recent
Popular Today
Quiz Kudos Today
Editor Picks
Curator Picks
Quizzes by...
Day
Popularity
Type
Ratings
Length
Year
Community
Subscriptions
Recent Discussions
Orange Saloon
Badges
Playlists
Quests
Create
Leaderboards
Showdown
Live 5
Trivia Bingo
Activity
Puzzle Library
Sporcle Events
Private Events
Virtual Trivia
Globe League
Become a Host
Pub Owners
SporcleCon
Opinionation
Our Games
Videos
Blog
Mobile Apps
Partnerships
Remove Ads and Go Orange
Feedback
Miscellaneous
Crossword
General Knowledge
Baby Names
Logo
Food
Cars
Numbers
Grab Bag
University
College
Popular
Company
Slogans
Restaurants
Justice
Letter
Miscellaneous
Crossword
General Knowledge
Baby Names
Logo
Food
Cars
Numbers
Grab Bag
University
College
Popular
Company
Slogans
Restaurants
Justice
Letter
Random Quiz
Search Sporcle
×
Quiz Lab
Quiz Lab
Miscellaneous
graph
Type in answers that appear in a list
Type in answers that appear in a list
Classic
Best Score? Go Orange.
The Centennial Quizz Stats
Can you name the The graph function?
By
fatchrist21
5m
20 Questions
46 Plays
46 Plays
46 Plays
Comments
Comments
Give Quiz Kudos
Give Quiz Kudos
-
- Ratings
hide this ad
Forced Order
Answers have to be entered in order
Answers have to be entered in order
Replay
Link that replays current quiz
Next Quiz
Link to next quiz in quiz playlist
You Got
0%
They Got
Avg Score
22%
Avg Friend Score
Upgrade to see
Score Distribution
Jump to the score distribution portion of the page
Score
0/20
Timer
05:00
0
Plays Today
Picture
Graph
% Correct
1
Absolute Value Function
87%
3
Cubic Function
37%
4
Quadratic Function
34.8%
5
Square Root Function
30.4%
6
Exponential Function
30.4%
8
Logarithmic Function
28.3%
Which one is more awesome chemistry or physics?
Neither, they are both equally awesome
28.3%
2
Identity Function
26.1%
7
Constant Function
21.7%
The 2002 movie the title of which is a chemistry and physics term that pertain to balance
EQUILIBRIUM!!!!!!
17.4%
Picture
Graph
% Correct
What country was I born in?
Guatemala
17.4%
Who invented calculus?
Isaac Newton and Gottfried Leibniz
15.2%
What is the name of the French teacher at Centennial High School?
Oland
13%
What is Mr C's last name(spelled correctly without looking)
Carannante
13%
What famous movie was on TBS saturday?
Mean Girls
10.9%
Which president share the same last name as a character in the Great Gatsby?
James Buchanan
8.7%
9
Greatest Integer Function
6.5%
What was the combined score of the games featuring Mr. C vs his last three basketball challenger
43-0
6.5%
What was the first morph Mrs Kind ever assigned?
a-
6.5%
10
Reciprocal Function
4.3%
Quiz Playlist
Details
Report
Send in Message
Add To Playlist
Classic:
Type in answers that appear in a list
Forced Order:
Answers have to be entered in order
Last Updated: Feb 16, 2017
Quiz Scoreboard
CHALLENGE
Sign Up to Join the Scoreboard
Show All
Scores
Hide
Comments
May contain spoilers
Recently Published
Billboard Blitz: Fleetwood Mac
by CooCooCachoo
Music
15s
Presidents Visiting Landmarks
by Hejman
History
7m
An Introduction to Baseball
by treessimontrees
Sports
5m
More to Explore
Quiz From the Vault
Featured Blog Post
Where Did the Easter Bunny Come From?
hide this ad
You Might Also Like...
Tags
Extra
function
graph
Image Quiz
project
Today's Top Quizzes in Miscellaneous
Browse Miscellaneous
hide this ad
Today's Top Quizzes in graph
Browse graph
Top Contributed Quizzes in Miscellaneous
1
5-to-1: Fast Food
2
The JOE quick-fire general knowledge quiz: Day 174
3
The JOE quick-fire general knowledge quiz: Day 173
4
5-to-1: Cocktails
5
The JOE quick-fire general knowledge quiz: Day 172
6
Sunday Crossword: Famous Bodies of Water
7
One Thing in Common: United Kingdom II
8
The JOE quick-fire general knowledge quiz: Day 171
9
Named After an Animal - Odd One Out!
10
The JOE quick-fire quiz: Day 170
Explore More
Trending Topics
Crossword
Anime
Disney
Kpop
Marvel
NBA
Harry Potter
Pokémon
Song
Country
WWE
The Office
NFL
Puzzle
Soccer
hide this ad
More By:
fatchrist21
Quiz
Plays
Rating
Category
Featured
Created
U.S. President by Landmark Records
490
4.38
History
Mar 23, 2010
Derivated Roman gods from Greek gods
347
4.80
Literature
Mar 10, 2010
Imporatnt U.S. History dates
254
2.50
History
Feb 23, 2010
Types of definition in logic
210
3.67
Science
Jul 26, 2010
Canterbury Tales
193
3.67
Literature
Mar 10, 2010
Go to Creator's Profile
Score Distribution
Quiz Creator Spotlight
fatchrist21
Follow
Send a Message
Quizzes Created
-
Created Quiz Play Count
-
More By This Creator
Popular Quizzes Today
1
Find the US States - No Outlines Minefield
2
Find the Countries of Europe - No Outlines Minefield
3
The Countries of the World
4
Find the US States
5
Popular People in 1961
6
US States
7
Risky Map Clicking: Biggest States A-Z
8
Movies - When Are They Set?
More Miscellaneous Quizzes
Click a Joe
Published
Trending Quizzes
Risky Map Clicking: Least Populous States A-Z
1-10 Letter G Words
1-10 Letter F Words
Risky Map Clicking: Next State Alphabetically
'A' Boys' Names Grid
Recently Updated
Leaping Animals
pecheneg
Reality TV Shows (A-Z)
bhenderson79
Rickey Henderson's Hall of Fame Teammates
pecheneg
Champions League XIs: Arsenal
pecheneg
Quick Pick: Celebrities in WWE's Hall of Fame
aduchscher
A-Z Keypad Blitz II
pecheneg
Multiple Oscar Actors
pecheneg
Mystery Phrase Blitz: Oscar 'Best Actors'
pecheneg
F. Scott Fitzgerald Novels
LTH
Pick 3 Villains
ddd62291
Trending Topics
Harry Potter
Marvel
NBA
Disney
Anime
Crossword
Kpop
Song
NFL
Pokémon
Puzzle
The Office
WWE
Soccer
Country
Your Account Isn't Verified!
In order to create a playlist on Sporcle, you need to verify the email address you used during registration. Go to your
Sporcle Settings
to finish the process.
Report this User
Report this user for behavior that violates our
Community Guidelines
.
Details:
Send Report
Go to the Sporcle.com Mobile Site →
Comments